Heat transfer (Record no. 3641)

000 -LEADER
fixed length control field 00564nam a2200229 a 4500
001 - CONTROL NUMBER
control field 3641
003 - CONTROL NUMBER IDENTIFIER
control field BD-DhUET
008 - FIXED-LENGTH DATA ELEMENTS--GENERAL INFORMATION
fixed length control field 960506s1997 nyua b 001 0 eng
020 ## - INTERNATIONAL STANDARD BOOK NUMBER
International Standard Book Number 0071143203
020 ## - INTERNATIONAL STANDARD BOOK NUMBER
International Standard Book Number 0078447852
040 ## - CATALOGING SOURCE
Original cataloging agency DLC
Transcribing agency DLC
Modifying agency BD-DhUET
082 00 - DEWEY DECIMAL CLASSIFICATION NUMBER
Classification number 621.011
Item number HOL/1997
100 1# - MAIN ENTRY--PERSONAL NAME
Personal name Holman, J. P.
245 10 - TITLE STATEMENT
Title Heat transfer
250 ## - EDITION STATEMENT
Edition statement 8th ed.
260 ## - PUBLICATION, DISTRIBUTION, ETC. (IMPRINT)
Place of publication, distribution, etc. New York
Name of publisher, distributor, etc. McGraw-Hill
Date of publication, distribution, etc. 1997
300 ## - PHYSICAL DESCRIPTION
Extent xviii, 696 p.
Other physical details ill.
490 ## - SERIES STATEMENT
Series statement Schaum's outline series
504 ## - BIBLIOGRAPHY, ETC. NOTE
Bibliography, etc Includes bibliographies
650 #0 - SUBJECT ADDED ENTRY--TOPICAL TERM
Topical term or geographic name as entry element Heat transfer
942 ## - ADDED ENTRY ELEMENTS (KOHA)
Koha item type General Book
Holdings
Damaged status Lost status Koha normalized classification for sorting Location (home branch) Copy number Shelving location Date acquired Source of classification or shelving scheme Piece designation (barcode) Koha full call number Price effective from Sublocation or collection (holding branch) Koha date last seen Koha item type Koha out on loan Koha date last borrowed Koha issues (times borrowed) Withdrawn status Not for loan
  621_011000000000000_HOL_1997Central Library, BUET1Circulation section2014-11-03 92450621.011/HOL/19972014-11-03Central Library, BUET2025-04-27General Book2025-05-112025-04-273  
  621_011000000000000_HOL_1997Central Library, BUET2Circulation section2014-11-03 92452621.011/HOL/19972014-11-03Central Library, BUET2014-11-03General Book     
  621_000000000000000_011HOL1997Central Library, BUET3Circulation section2014-11-03 92453621.011/HOL/19972014-11-03Central Library, BUET2016-07-30General Book     
  621_000000000000000_011HOL1997Central Library, BUET4Circulation section2014-11-03 92454621.011/HOL/19972014-11-03Central Library, BUET2022-06-08General Book 2022-01-091  
  621_000000000000000_011HOL1997Central Library, BUET5Circulation section2014-11-03 92455621.011/HOL/19972014-11-03Central Library, BUET2024-10-28General Book 2024-10-022  
  621_000000000000000_011HOL1997Central Library, BUET6Circulation section2014-11-03 92457621.011/HOL/19972014-11-03Central Library, BUET2024-08-31General Book 2023-12-103  
  621_000000000000000_011HOL1997Central Library, BUET7Circulation section2014-11-03 92459621.011/HOL/19972014-11-03Central Library, BUET2014-11-03General Book     
  621_011000000000000_HOL_1997Central Library, BUET8Circulation section2014-11-03 92460621.011/HOL/19972014-11-03Central Library, BUET2024-08-28General Book 2024-03-121  
  621_000000000000000_011HOL1997Central Library, BUET9Circulation section2014-11-03 92461621.011/HOL/19972014-11-03Central Library, BUET2024-06-22General Book 2024-04-081  
  621_000000000000000_011HOL1997Central Library, BUET10Circulation section2014-11-03 92462621.011/HOL/19972014-11-03Central Library, BUET2025-03-12General Book 2024-12-105  
  621_000000000000000_011HOL1997Central Library, BUET11Circulation section2014-11-03 92464621.011/HOL/19972014-11-03Central Library, BUET2017-05-03General Book 2015-03-041  
  621_000000000000000_011HOL1997Central Library, BUET12Circulation section2014-11-03 92465621.011/HOL/19972014-11-03Central Library, BUET2019-07-10General Book 2019-06-173  
  621_000000000000000_011HOL1997Central Library, BUET13Circulation section2014-11-03 92466621.011/HOL/19972014-11-03Central Library, BUET2022-06-08General Book 2022-05-243  
  621_011000000000000_HOL_1997Central Library, BUET14Circulation section2015-04-12 92468621.011 HOL/19972015-04-12Central Library, BUET2015-04-12General Book     
  621_011000000000000_HOL_1997Central Library, BUET15Reading section2015-07-02 92447621.011/HOL/19972015-07-02Central Library, BUET2015-07-02Reading Item     
  621_011000000000000_HOL_1997Central Library, BUET16Reading section2015-07-09 92446621.011/HOL/19972015-07-09Central Library, BUET2015-07-09Reading Item